000 00891nam a2200181 i 4500
001 163062
003 ES-MaACL
005 20230906212648.0
008 931025s1849 sp |||| | spa d
040 _aPAB
_bspa
_cPAB
110 0 _aAcademia Médico-Quirúrgica Matritense.
_91210
245 1 0 _aDiscursos que se pronunciaron en la sesion, aniversario cuarto, celebrada el 20 de mayo de 1849 /
_cpor ... Ciriaco María Ruiz Giménez y por ... Francisco Cortijo y Valdés.
260 _aMadrid :
_bAcademia Quirúrgica Matritense,
_c1849 (
_fImp. de la Viuda de Sanchiz e hijos)
300 _a40 p. ;
_c23 cm.
700 1 1 _aRuiz Giménez, Ciriaco María.
_9132174
700 2 1 _aCortijo y Valdés, Francisco.
_9126601
852 _aES-MaACL
_jT-427-F-16
_z-- Enc. hol., falto de la cub. original
_z-- An. ms.: ded. de Joaquín Berrueco a "Los escolares médicos"
_z-- Enc. en un vol. facticio
999 _c163062
_d163062